000 00720nam a2200241 i 4500
001 bg
245 0 0 _aLokalne fundusze gwarancyjne /
_cred. Anthony Levitas, Grażyna Gęsicka.
260 _aWarszawa :
_bFundacja ALETHEIA,
_c1994.
300 _a215, [1] s. ;
_c24 cm.
650 9 _aKredyt
_xzagadnienia
650 9 _aPrzedsiębiorstwa małe i średnie
_xfinanse
650 9 _aGospodarka terenowa
655 _aMateriały konferencyjne
700 1 _aLEVITAS, Anthony.
_eRed.
700 1 _aGĘSICKA, Grażyna.
_eRed.
020 _a8390117169
040 _cBPK
041 0 _apl
080 _a336.73:658.14/.17:332.1](061)
920 _a83-901171-6-9
942 _cKS
008 s pl f |000 0 pol
999 _c37530
_d37530
856 _uhttp://koha.tu.koszalin.pl/cgi-bin/koha/opac-detail.pl?biblionumber=37530
_yKatalog online BPK